| 000 | 00546nam a22001817a 4500 | ||
|---|---|---|---|
| 003 | OSt | ||
| 005 | 20251205012606.0 | ||
| 008 | 251205b |||||||| |||| 00| 0 eng d | ||
| 020 | _a9715694370 | ||
| 040 |
_aDWCL - Main _cOC |
||
| 082 | _aFil. 899.21 Ur72b 2002 | ||
| 100 |
_aUranza, Azucena G. _eAuthor |
||
| 245 |
_aBamboo in the wind : _ba novel / _cAzucena G. Uranza |
||
| 260 |
_aMakati City, Philippines: _bBookmark, Inc., _cc2002. |
||
| 300 |
_a539 p.; _c18 cm. |
||
| 650 | _a1. Philippine Fiction (English). | ||
| 942 |
_2ddc _cBK - FIL _n0 |
||
| 999 |
_c6891 _d6891 |
||